1676 1036 1197 1204 1129 1244 1236 1215 1378 1726 1675 1426 1529 1463 1484 1693 1688 1269 1852 1594 1093 1777 1487 1291 1605 1912 1469 1122 1628 1212 1003 1271 1635 1576 1013 1467 1009 1438 1236 1362 1745 1121 1610 1211 1828 1349 1329 1524 1160 1449 1271 1280 1160 1777 1446 1237 1411 1404 1601 1259 1038 1261 1229 1331 1886 1562 1697 1436 1560 1252 1350 1197 1847 1783 1217 1877 1650 1623 1923 1268 1735 1964 1673 1287 1612 1239 1028 1722 1038 1323 1546 1511 1338 1075 1089 1068 1174 1254 1432 BCNSPRNW ULIB Ver.6.0+V

เปลี่ยนเป็นภาษาไทย

Change to English
 แสดงรายละเอียดบรรณานุกรม
  กลับหน้าหลัก

Brief Record : Get Marc (ISO 2709) : E-mail record : QR code < ปิดหน้าต่าง
LEADER : 00000nam 2200000uu 4500
001    13399108912
003     ULIB
008    110316s2544||||th 000 0 tha d
020    9741316372
024    9789741316373
060 04 WY20.5^bบ418ร 2544
100 0  บุญใจ ศรีสถิตย์นรากูร
245 10 ระเบียบวิธีการวิจัยทางพยาบาลศาสตร์ =^bThe methodology innursing research /^cบุญใจ ศรีสถิตย์นรากูร
246 31 The methodology in nursing research
250    พิมพ์ครั้งที่ 1
260    กรุงเทพฯ :^bคณะพยาบาลศาสตร์ จุฬาลงกรณ์มหาวิทยาลัย,^c2544
300    34 หน้า :^bภาพประกอบ ;^c26 ซม.
650  7 การพยาบาล^xวิจัย^xวิธีวิทยา
650  7 การพยาบาล^xการศึกษาและการสอน
650  7 วิจัย
710 2  จุฬาลงกรณ์มหาวิทยาลัย. ^bคณะพยาบาลศาสตร์
945    ^p298^l0^i014886
945    ^p298^l0^i014885
945    ^p298^l0^i014884
945    ^p298^l0^i014497
945    ^p298^l0^i014495
945    ^p298^l0^i014494
945    ^p298^l0^i014493
945    ^p298^l0^i014496
995    เกษร
999 ^a ใช้งานได้ทุกระบบ
รายการนี้ยังไม่มีแท็ก
คุณยังไม่ได้ล็อกอิน คุณสามารถมีกิจกรรมร่วมกับเว็บไซต์ได้ แต่ต้องล็อกอินก่อน ::
  ล็อกอิน

รายการสื่อสารสนเทศ

ลำดับที่ ประเภท เลขเรียก/บาร์โค้ด สถานที่ สถานะ
- ไม่พบข้อมูล -

รายการใกล้เคียง
    ผู้แต่ง [บุญใจ ศรีสถิตย์นรากูร]

    หัวเรื่อง [วิจัย]

BibComment


ยังไม่เคยถูกคอมเมนท์

คอมเมนท์ทรัพยากรรายการนี้
  คอมเมนท์: ระเบียบวิธีการวิจ..


 Copyright 2026. Bcnsprnw @Library